Mates típicos /

Bibliographic Details
Main Author: Crusi More, Ramón (Author)
Format: Electronic eBook
Language:Spanish
Published: Barcelona : Editorial Paidotribo, [2008]
Edition:Primera edición.
Subjects:
Online Access:Digitalia Hispánica

MARC

LEADER 00000nam a2200000Ii 4500
001 DIGEDPBR0254
003 NyNyDIG
006 m o d
007 cr |||||||||||
008 260105s2008 sp a ob 001 0 spa d
035 |a (OCoLC)1083461950 
040 |a DGITA  |b eng  |e rda  |e pn  |c DGITA 
020 |a 9788499108179  |q ePub 
020 |z 9788480190435 
050 1 4 |a GV1450.7 ebook 
100 1 |a Crusi More, Ramón,  |e author. 
245 1 3 |a Mates típicos /  |c Ramón Crusi More. 
250 |a Primera edición. 
264 1 |a Barcelona :  |b Editorial Paidotribo,  |c [2008] 
300 |a 1 online resource :  |b illustrations. 
336 |a text  |b txt  |2 rdacontent 
337 |a computer  |b c  |2 rdamedia 
338 |a online resource  |b cr  |2 rdacarrier 
347 |a text file  |2 rdaft 
347 |b EPUB 
504 |a Includes bibliographical references and index. 
588 0 |a Online resource; title from ePub title page (Digitalia, viewed January 5, 2026) 
650 0 |a Checkmate (Chess) 
791 2 |a Digitalia (Firm),  |e distributor. 
793 0 |g Digitalia eBook Collection:  |a Editorial Paidotribo 
776 0 8 |i Print version:  |a Crusi More, Ramón.  |t Mates típicos.  |b Primera edición.  |d Barcelona : Editorial Paidotribo, [2008]  |z 9788480190435 
856 4 0 |3 Digitalia Hispánica  |u https://www.digitaliapublishing.com/a/159903/ 
910 |a Premium collection: 2026